000
00371nam a22001097a 4500
082
_a
294
100
_a
सिंह प्रभाकर
_9
80119
245
_a
भारतीय भाषाओं में रामकथा
260
_a
दिल्ली
_b
लेखश्री पब्लिकेशन
_c
2019
650
_a
धर्म
_9
80120
942
_c
BK
999
_c
63587
_d
63587